Central Library OPAC University of Rajshahi

Decentralisation and people's participation in Bangladesh : (Record no. 56410)

MARC details
000 -LEADER
fixed length control field 01007nam a2200277 a 4500
001 - CONTROL NUMBER
control field 56410
003 - CONTROL NUMBER IDENTIFIER
rucl marc code BD-RjUL
005 - DATE AND TIME OF LATEST TRANSACTION
control field 20211209080407.0
008 - FIXED-LENGTH DATA ELEMENTS--GENERAL INFORMATION
fixed length control field 161129s1987 ii a bb f000 0 eng
035 ## - SYSTEM CONTROL NUMBER
System control number (BD-RjUL)56534
040 ## - CATALOGING SOURCE
Original cataloging agency DLC
Transcribing agency DLC
Modifying agency BD-RjUL
Language of cataloging eng
041 ## - LANGUAGE CODE
Language code of text/sound track or separate title eng
082 ## - DEWEY DECIMAL CLASSIFICATION NUMBER
Edition number 23
Classification number 320.8095492
Author mark and year AHD 1987
100 1# - MAIN ENTRY--PERSONAL NAME
Personal name Ahmed, Tofail.
9 (RLIN) 167787
245 10 - TITLE STATEMENT
Title Decentralisation and people's participation in Bangladesh :
Remainder of title a political perspective /
Statement of responsibility, etc. Tofail Ahmed.
260 ## - PUBLICATION, DISTRIBUTION, ETC. (IMPRINT)
Place of publication, distribution, etc. Comilla :
Name of publisher, distributor, etc. Bangladesh Academy for Rural Development,
Date of publication, distribution, etc. [1987]
300 ## - PHYSICAL DESCRIPTION
Pagination viii, 117 p. :
Illustrations ill. ;
Size 22 cm.
504 ## - BIBLIOGRAPHY, ETC. NOTE
Bibliography, etc Includes bibliographical references (p. 107-117).
650 #0 - SUBJECT ADDED ENTRY--TOPICAL TERM
Topical term or geographic name as entry element Decentralization in government
Geographic subdivision Bangladesh.
9 (RLIN) 167588
Topical term or geographic name as entry element Local government
Geographic subdivision Bangladesh.
9 (RLIN) 167788
710 2# - ADDED ENTRY--CORPORATE NAME
Corporate name or jurisdiction name as entry element Bangladesh Academy for Rural Development.
9 (RLIN) 167563
942 ## - ADDED ENTRY ELEMENTS (KOHA)
Source of classification or shelving scheme Dewey Decimal Classification
Koha item type Books
Holdings
Lost status Source of classification or shelving scheme Damaged status Not for loan Collection code Permanent Location Current Location Shelving location Date acquired Source of acquisition Cost, normal purchase price Total Checkouts Full call number Date last seen Copy number Koha item type
  Dewey Decimal Classification     Non-fiction Central Library, University of Rajshahi Central Library, University of Rajshahi   24/10/2007 Comilla, Ban.poli. union ecademy 200.00   320.8095492 AHD 1987 29/11/2016 C-2 Books